Friends Quotes - Statistics

General Stats
  • This quiz has been taken 2,009 times
  • The average score is 32 of 33
Answer Stats
Hint Answer % Correct
How You Doin' Joey
100%
Yeah. It's like a cow's opinion. It just doesn't matter. It's moo. Joey
100%
Sure I peed on her. And if I had to, I’d pee on any one of you! Joey
100%
Here come the meat sweats… Joey
100%
You’ve been BAMBOOZLED! Joey
100%
Paper…snow…..a ghost!!! Joey
100%
Jet aplee blooo Joey
100%
Could I BE wearing any more clothes? Joey
100%
Sup with the whack play station, sup Joey
100%
Dear Janice, Have a Hubba Bubba Birthday Chandler
99%
I'm not so good with the advice... Can I interest you in a sarcastic comment? Chandler
99%
Because, Phoebe, sometimes after you sleep with someone you have to kill a fish. Chandler
99%
WHOOOPAH! Chandler
99%
Well, when I walk outside naked, people throw garbage at me. Chandler
99%
It was summer… and it was hot. Rachel was there… A lonely grey couch…”OH LOOK!” cried Ned, and then the kingdom was his forever. The End. Chandler
99%
Guys can fake it? Unbelievable! The one thing that's ours! Monica
99%
Fine! Judge all you want but married a lesbian, left a man at the alter, fell in love with a gay ice dancer, threw a girl’s wooden leg in a fire, LIVE IN A BOX! Monica
99%
I talk about her all the time.. DENISE! Phoebe
99%
We could eat the wax. It's organic. Phoebe
99%
Charlotte? You know, with the web? She has babies, then she dies. It's like, "Hey, mom, welcome home from the hospital." THUD. Phoebe
99%
THIS IS BRAND NEW INFORMATION! Phoebe
99%
AH! MY EYES! MY EYES! Phoebe
99%
Just three? I'm dilated three! Ross
99%
We were on a break! Ross
99%
They’re still not coming on man! And the lotion and the powder have made a paste! Ross
99%
Pivot! Ross
99%
Oh My God! Janice
98%
15 Yemen Road, Yemen. Janice
98%
How long do cats live? Like assuming you don’t throw ‘em under a bus or something? Rachel
98%
Oh, are you setting Ross up with someone? Does she have a wedding dress? Rachel
98%
Ah, salmon skin roll. Rachel
98%
You're not gonna try and make me join a cult are you? Mike
47%
I know it's none of my business, but please don't name your child Pheobo Doctor
29%
No matching quizzes found
Score Distribution
Percent of People with Each Score
Percentile by Number Answered
Your Score History
You have not taken this quiz